History Quiz

Random History or War Quiz

20th Century History: March Quiz Stats

 Plays Quiz Updated Feb 21, 2019

Score 0/100 Timer 20:00
1 Play Today
Year Answer % Correct
1984Iraq
78.9%
1944Sweden
78%
1953Joseph Stalin
77.5%
1918Russia
75.5%
1921Poland
75%
1949Big Bang
74.5%
1941Franklin D. Roosevelt
74.3%
1973Vietnam
74.3%
1903New York
74.1%
1910China
74.1%
1938Austria
73.3%
1963Alcatraz
73.2%
1933Adolf Hitler
73.1%
1923Vladimir Lenin
73.1%
1931Nevada
71.5%
2000John Paul II
70.8%
1946Ho Chi Minh
70.8%
1981Ronald Reagan
70.8%
1929Japan
70.2%
1947Madagascar
69.4%
1986Microsoft
68.5%
1992Apartheid
68.3%
1948Hells Angels
68%
1920Hungary
67.9%
1966Moon
67.9%
1935Persia
67.3%
1967Cambodia
67.3%
1965Romania
67.1%
1971Syria
67.1%
1950Belgium
66.7%
1939Francisco Franco
66.4%
1975Saudi Arabia
65.8%
1912Antarctica
65.8%
1964Brazil
65.7%
Year Answer % Correct
1977Uranus
64.7%
1959Tibet
64.6%
1985Mikhail Gorbachev
63.8%
1902Thomas Edison
63.5%
1982Libya
63.5%
1970Zimbabwe
62.1%
1940USSR
61.8%
1993North Korea
61.5%
1928Puerto Rico
60.8%
1904Korea
60.8%
1983Italy
60.7%
1960Che Guevara
60.1%
1926Ireland
59%
1991Kuwait
58.8%
1913Romanov
57.2%
1901Wilhelm II
56.9%
1911L. Ron Hubbard
56.6%
1962Algeria
55.5%
1979Malta
55.4%
1922Bombay
55.2%
1924Turkey
54.8%
1942Los Angeles
54.5%
1917Paris
54.4%
1925Calvin Coolidge
53.5%
1930Mohandas Gandhi
52.8%
1969Golda Meir
52%
1978Ethiopia
51.6%
1906Susan B. Anthony
50.8%
1945Josip Broz Tito
50.6%
1914Easter Island
50%
1980Robert Mugabe
49.2%
1955Alexander Fleming
48.9%
1907Finland
48.7%
1999Paraguay
48.2%
Year Answer % Correct
1995Mississippi
47.8%
1943Belarus
46.2%
1994Moldova
46.2%
1957Ghana
45.9%
1988Iran-Contra Affair
45.7%
1961Angola
45.2%
1974Terracotta Army
43.5%
1987Chrysler
43%
1990Namibia
41.9%
1956Pakistan
40.9%
1916Pancho Villa
40.2%
1927Albania
40.2%
1996Chechnya
40.1%
1934Philippines
39.8%
1968Mauritius
39.2%
1997Zaire
37.9%
1958Nikita Khrushchev
37.5%
1905Morocco
37.5%
1932Manchuria
37.4%
1952Fulgencio Batista
36.1%
1989CFCs
31.9%
1936Rhineland
31%
1909Bosnia and Herzegovina
30.8%
1972Central African Republic
25.2%
1998Europa
24.6%
1951Konrad Adenauer
23.5%
1976Western Sahara
23%
1908Gibraltar
21.4%
1954East Germany
16.8%
1937Pius XI
16%
1919Comintern
14.3%
1915Constantinople
13.1%

You're not logged in!

Compare scores with friends on all Sporcle quizzes.
OR
Log In

You Might Also Like...

Show Comments

Extras

Top Quizzes Today


Score Distribution

Your Account Isn't Verified!

In order to create a playlist on Sporcle, you need to verify the email address you used during registration. Go to your Sporcle Settings to finish the process.

Report this User

Report this user for behavior that violates our Community Guidelines.

Details: